It's the story that counts : more children's books for mathematical learning, K-6

Αποθηκεύτηκε σε:
Λεπτομέρειες βιβλιογραφικής εγγραφής
Κύριος συγγραφέας: Whitin, David J.
Άλλοι συγγραφείς: Wilde, Sandra
Μορφή: Βιβλίο
Γλώσσα:English
Δημοσίευση: Portsmouth, NH : Heinemann, 1995
Θέματα:
Ετικέτες: Προσθήκη ετικέτας
Δεν υπάρχουν, Καταχωρήστε ετικέτα πρώτοι!

MARC

LEADER 00000cam a2200000 i 4500
001 1/25212
008 020620s1995 eng d
020 |a 0-435-08369-4 
035 |l 10068024 
040 |a GR-MY-UA  |b gre  |e aacr 
041 0 |a eng 
082 0 |a 372.7044 
100 1 |a Whitin, David J. 
245 1 0 |a It's the story that counts :  |b more children's books for mathematical learning, K-6 /  |c David J. Whitin, Sandra Wilde 
260 |a Portsmouth, NH :   |b Heinemann,   |c 1995 
300 |a 224 p. 
650 0 0 |a Mathematics  |x Study and teaching (Elementary) 
650 0 0 |a Children's literature in mathematics education. 
700 1 |a Wilde, Sandra. 
852 |a INST  |b RHODES  |e 20020620  |h 372.7044 WHI  |p 005400016408  |q 005400016408  |t BK  |y 0 
901 |a BIBL4-2002-2 
909 |a Ρ  |b 101255 
970 |a ΚΟΥΛΑΚΙΟΤΗ  |b ΛΙΤΣΑ  |z 2002/06/20